[Event "Giorgio Porreca Cup 4th"]
[Site "Napoli"]
[Date "2014.11.06"]
[Round "6"]
[White "Auletta, Angelo"]
[Black "Melchior, Alex"]
[Result "1-0"]
[WhiteElo "2168"]
[BlackElo "1920"]
[PlyCount "95"]
[EventDate "2014.09.25"]
[EventType "swiss"]
[EventRounds "7"]
[EventCountry "ITA"]
[SourceTitle "EXT 2016"]
[Source "ChessBase"]
[SourceDate "2015.10.08"]
[SourceVersion "1"]
[SourceVersionDate "2015.10.08"]
[SourceQuality "1"]

1. e4 c5 2. Nf3 d6 3. d4 cxd4 4. Nxd4 Nf6 5. Nc3 a6 6. h3 e6 7. g4 b5 8. Bg2 Bb7 9. g5 Nfd7 10. Be3 Nb6 11. a3 N8d7 12. 0-0 Be7 13. Qg4 Ne5 14. Qg3 Nbc4 15. Bc1 Qb6 16. Nde2 0-0-0 17. b3 Na5 18. Be3 Qc7 19. f4 Ng6 20. Qf2 Nc6 21. Bb6 Qd7 22. Bxd8 Bxd8 23. b4 h6 24. gxh6 Rxh6 25. a4 Nh4 26. axb5 axb5 27. Bh1 f5 28. Rfd1 e5 29. Nxb5 fxe4 30. Bxe4 Qxh3 31. Ra3 Nf3+ 32. Qxf3 Bb6+ 33. Ned4 Qxf3 34. Bxf3 Nxd4 35. Bxb7+ Kxb7 36. Nxd4 Bxd4+ 37. Kg2 Rg6+ 38. Rg3 Rxg3+ 39. Kxg3 exf4+ 40. Kxf4 Be5+ 41. Ke4 Kc6 42. c4 g5 43. Kf5 Bf4 44. Rd5 Kc7 45. Kg4 Kc6 46. Rxg5 Bd2 47. Rb5 Bc3 48. Kf5 1-0

[Event "Giorgio Porreca Cup 4th"]
[Site "Napoli"]
[Date "2014.09.25"]
[Round "1"]
[White "Gonzini, Gianmaria"]
[Black "Auletta, Angelo"]
[Result "1/2-1/2"]
[WhiteElo "1967"]
[BlackElo "2168"]
[PlyCount "79"]
[EventDate "2014.09.25"]
[EventType "swiss"]
[EventRounds "7"]
[EventCountry "ITA"]
[SourceTitle "EXT 2016"]
[Source "ChessBase"]
[SourceDate "2015.10.08"]
[SourceVersion "1"]
[SourceVersionDate "2015.10.08"]
[SourceQuality "1"]

1. Nf3 d5 2. e3 g6 3. d4 Bg7 4. c4 Nf6 5. Nc3 0-0 6. cxd5 Nxd5 7. Bc4 Nxc3 8. bxc3 c5 9. 0-0 Qc7 10. Be2 Nc6 11. Ba3 Qa5 12. Bxc5 b6 13. Bb4 Nxb4 14. cxb4 Qxb4 15. Qb3 Qd6 16. a4 Bd7 17. a5 b5 18. a6 Rab8 19. Ra5 Rb6 20. Rfa1 h6 21. Qb2 Rc8 22. h3 g5 23. e4 Qf4 24. Re1 Qxe4 25. Bf1 Qd5 26. Rxe7 Qd6 27. Re3 Rxa6 28. Qa2 Rxa5 29. Qxa5 a6 30. Ra3 Rc1 31. Ra1 Rxa1 32. Qxa1 Qb6 33. Qa2 a5 34. Ne5 Be8 35. Qd5 a4 36. Qa8 Qe6 37. Bxb5 Kf8 38. Bxa4 Bxe5 39. dxe5 Qxe5 40. Qxe8+ 1/2-1/2

[Event "Napoli Province-ch"]
[Site "Napoli"]
[Date "2013.12.12"]
[Round "2"]
[White "Auletta, Angelo"]
[Black "Esposito, Rosario"]
[Result "1-0"]
[WhiteElo "2148"]
[BlackElo "1825"]
[PlyCount "57"]
[EventDate "2013.12.05"]
[EventType "swiss"]
[EventRounds "7"]
[EventCountry "ITA"]
[SourceTitle "EXT 2015"]
[Source "ChessBase"]
[SourceDate "2014.11.20"]
[SourceVersion "1"]
[SourceVersionDate "2014.11.20"]
[SourceQuality "1"]

1. e4 c5 2. Nf3 e6 3. d4 cxd4 4. Nxd4 Nc6 5. Nb5 d6 6. Bf4 e5 7. Be3 a6 8. N5c3 Nf6 9. Bg5 Be6 10. Nd2 Be7 11. Bxf6 Bxf6 12. Nc4 Be7 13. Nd5 0-0 14. Nxe7+ Qxe7 15. Qxd6 Qxd6 16. Nxd6 b5 17. c3 Rab8 18. b3 Rfd8 19. 0-0-0 g6 20. c4 bxc4 21. Bxc4 Nd4 22. Bxe6 fxe6 23. Nc4 Rbc8 24. Kb2 Rc5 25. Rd2 Kf7 26. Rhd1 Kf6 27. f4 Rxc4 28. bxc4 Rb8+ 29. Kc3 1-0

[Event "Amantea op 11th"]
[Site "Amantea"]
[Date "2013.09.01"]
[Round "1"]
[White "David, Alberto"]
[Black "Auletta, Angelo"]
[Result "1-0"]
[WhiteElo "2591"]
[BlackElo "2150"]
[PlyCount "59"]
[EventDate "2013.09.01"]
[EventType "swiss"]
[EventRounds "9"]
[EventCountry "ITA"]
[SourceTitle "EXT 2015"]
[Source "ChessBase"]
[SourceDate "2014.11.20"]
[SourceVersion "1"]
[SourceVersionDate "2014.11.20"]
[SourceQuality "1"]

1. e4 c5 2. Nf3 d6 3. Bc4 Nf6 4. d3 Nc6 5. c3 e6 6. Bb3 Be7 7. 0-0 0-0 8. Re1 Qc7 9. d4 e5 10. h3 h6 11. d5 Na5 12. Bc2 b5 13. Nbd2 Bd7 14. b3 c4 15. b4 Nb7 16. Nf1 a5 17. Ng3 axb4 18. cxb4 Rfe8 19. Ne2 Nh7 20. Nc3 Qd8 21. a4 bxa4 22. Nxa4 Ng5 23. Be3 Nxf3+ 24. Qxf3 Bg5 25. Nb6 Rxa1 26. Rxa1 Bb5 27. Na4 Bxe3 28. Qxe3 Qd7 29. Nc3 Rc8 30. Qb6 1-0

[Event "Parthenope op 5th"]
[Site "Napoli"]
[Date "2013.06.13"]
[Round "6"]
[White "Seletsky, Grigory"]
[Black "Auletta, Angelo"]
[Result "1-0"]
[WhiteElo "2329"]
[BlackElo "2196"]
[PlyCount "94"]
[EventDate "2013.05.09"]
[EventType "swiss"]
[EventRounds "7"]
[EventCountry "ITA"]
[SourceTitle "EXT 2014"]
[Source "ChessBase"]
[SourceDate "2013.11.20"]
[SourceVersion "1"]
[SourceVersionDate "2013.11.20"]
[SourceQuality "1"]

1. e4 c5 2. Nf3 d6 3. d4 cxd4 4. Nxd4 Nf6 5. Nc3 a6 6. f3 e5 7. Nb3 Be6 8. Be3 b5 9. Qd2 Nbd7 10. a4 b4 11. Nd5 Nxd5 12. exd5 Bf5 13. a5 Be7 14. Bd3 Bxd3 15. Qxd3 Bg5 16. Bf2 0-0 17. Ra4 Qb8 18. Bb6 Qb7 19. Rxb4 Nf6 20. c4 e4 21. fxe4 Nxe4 22. 0-0 Qe7 23. Nd4 Nc5 24. Bxc5 Qe3+ 25. Qxe3 Bxe3+ 26. Kh1 dxc5 27. Nc2 cxb4 28. Nxe3 Rfe8 29. Nf5 g6 30. Nd6 Re2 31. c5 Rxb2 32. h3 Rc2 33. Nb7 b3 34. Rb1 b2 35. Kh2 Re8 36. d6 Ree2 37. Kg3 Rc1 38. d7 Rxb1 39. d8Q+ Kg7 40. Qd4+ Kg8 41. Qd8+ Kg7 42. Qd4+ Kg8 43. Qd8+ Kg7 44. Qd4+ f6 45. Qd7+ Kh6 46. Nd6 Rf1 47. Nf7+ Kh5 1-0

[Event "Parthenope op 5th"]
[Site "Napoli"]
[Date "2013.05.09"]
[Round "1"]
[White "Auletta, Angelo"]
[Black "Capozzoli, Silvio"]
[Result "1-0"]
[WhiteElo "2196"]
[BlackElo "1801"]
[PlyCount "49"]
[EventDate "2013.05.09"]
[EventType "swiss"]
[EventRounds "7"]
[EventCountry "ITA"]
[SourceTitle "EXT 2014"]
[Source "ChessBase"]
[SourceDate "2013.11.20"]
[SourceVersion "1"]
[SourceVersionDate "2013.11.20"]
[SourceQuality "1"]

1. e4 d5 2. exd5 Qxd5 3. Nc3 Qd6 4. d4 a6 5. Nge2 Nf6 6. Bf4 Qd8 7. Qd2 e6 8. 0-0-0 Be7 9. h4 h6 10. f3 b6 11. Qe3 c6 12. g4 Nd5 13. Nxd5 cxd5 14. Ng3 Nd7 15. Bd3 Nf8 16. g5 h5 17. Be5 f6 18. gxf6 Bxf6 19. f4 Qe7 20. f5 Kd8 21. fxe6 Bxe6 22. Nf5 Bxf5 23. Bxf5 Bxe5 24. dxe5 g6 25. Qxb6+ 1-0

[Event "Napoli Antica Scuola 1st"]
[Site "Napoli"]
[Date "2013.04.11"]
[Round "7"]
[White "Auletta, Angelo"]
[Black "Seletsky, Grigory"]
[Result "0-1"]
[WhiteElo "2197"]
[BlackElo "2337"]
[PlyCount "62"]
[EventDate "2013.02.21"]
[EventType "swiss"]
[EventRounds "7"]
[EventCountry "ITA"]
[SourceTitle "EXT 2014"]
[Source "ChessBase"]
[SourceDate "2013.11.20"]
[SourceVersion "1"]
[SourceVersionDate "2013.11.20"]
[SourceQuality "1"]

1. e4 e6 2. d4 d5 3. Nc3 Nc6 4. Nf3 Nf6 5. Bg5 Be7 6. e5 Ne4 7. Bxe7 Qxe7 8. Bd3 Qb4 9. 0-0 Nxc3 10. bxc3 Qxc3 11. Rb1 Qa3 12. Ng5 Qe7 13. Qg4 h6 14. Nh7 Rxh7 15. Bxh7 g6 16. Bxg6 fxg6 17. Qxg6+ Qf7 18. Qxh6 Nxd4 19. f4 b6 20. f5 Nxf5 21. Qg5 Ba6 22. Rf4 Kd7 23. Rg4 Be2 24. Qg6 Qe7 25. Rf4 Rh8 26. Kf2 Bh5 27. Qf6 Qc5+ 28. Kf1 Rf8 29. Qg5 Ne3+ 30. Kg1 Ng4+ 31. Kh1 Rxf4 0-1

[Event "Napoli Province-ch"]
[Site "Napoli"]
[Date "2012.12.20"]
[Round "5"]
[White "Auletta, Angelo"]
[Black "Esposito, Rosario"]
[Result "1-0"]
[WhiteElo "2190"]
[BlackElo "1830"]
[PlyCount "81"]
[EventDate "2012.11.22"]
[EventType "swiss"]
[EventRounds "7"]
[EventCountry "ITA"]
[SourceTitle "EXT 2014"]
[Source "ChessBase"]
[SourceDate "2013.11.20"]
[SourceVersion "1"]
[SourceVersionDate "2013.11.20"]
[SourceQuality "1"]

1. e4 c5 2. Nf3 e6 3. d4 cxd4 4. Nxd4 Nc6 5. Nc3 Qc7 6. g3 a6 7. Bg2 Nf6 8. 0-0 Be7 9. a4 0-0 10. Nb3 d6 11. a5 b6 12. axb6 Qxb6 13. Be3 Qc7 14. e5 dxe5 15. Nb5 axb5 16. Rxa8 Bb7 17. Rxf8+ Kxf8 18. Qe2 Nb4 19. Bxb7 Qxb7 20. c3 Nbd5 21. Bc5 Nd7 22. Bxe7+ Kxe7 23. Ra1 Qc6 24. Ra5 Qc4 25. Qxc4 bxc4 26. Nc5 N7b6 27. Ra7+ Kf6 28. Nd7+ Nxd7 29. Rxd7 e4 30. Kf1 h5 31. Rd6 g5 32. Rc6 g4 33. Rxc4 e3 34. Rc5 exf2 35. Kxf2 Ke5 36. Ke2 Kd6 37. Ra5 f5 38. c4 Nc7 39. b4 e5 40. Ke3 Ne6 41. Rd5+ 1-0

[Event "Napoli Porreca Memorial 2nd"]
[Site "Napoli"]
[Date "2012.09.27"]
[Round "2"]
[White "Lettieri, Giuseppe"]
[Black "Auletta, Angelo"]
[Result "1-0"]
[WhiteElo "2370"]
[BlackElo "2190"]
[PlyCount "67"]
[EventDate "2012.09.20"]
[EventType "swiss"]
[EventRounds "7"]
[EventCountry "ITA"]
[SourceTitle "EXT 2014"]
[Source "ChessBase"]
[SourceDate "2013.11.20"]
[SourceVersion "1"]
[SourceVersionDate "2013.11.20"]
[SourceQuality "1"]

1. d4 Nf6 2. c4 g6 3. Nc3 d5 4. Nf3 Bg7 5. Qb3 dxc4 6. Qxc4 0-0 7. e4 Na6 8. Be2 Nd7 9. Be3 c6 10. Rd1 Nb6 11. Qb3 Be6 12. d5 cxd5 13. exd5 Bg4 14. Nb5 Nc7 15. h3 Bxf3 16. Bxf3 Nxb5 17. Qxb5 Qd7 18. Qb3 Qa4 19. Rd3 Rfd8 20. 0-0 Qxb3 21. Rxb3 Nxd5 22. Bxd5 Rxd5 23. Rxb7 a5 24. Rc1 a4 25. Kf1 a3 26. b4 Bb2 27. Rb1 e6 28. b5 Kg7 29. b6 Rb5 30. Rd1 Rd5 31. Rxd5 exd5 32. Rd7 d4 33. b7 Re8 34. Bf4 1-0

[Event "Napoli Parthenope op 4th"]
[Site "Napoli"]
[Date "2012.04.19"]
[Round "4"]
[White "Auletta, Angelo"]
[Black "Buiano, Fabio"]
[Result "1-0"]
[WhiteElo "2242"]
[BlackElo "2054"]
[PlyCount "75"]
[EventDate "2012.03.22"]
[EventType "swiss"]
[EventRounds "7"]
[EventCountry "ITA"]
[SourceTitle "EXT 2018"]
[Source "ChessBase"]
[SourceDate "2017.10.13"]
[SourceVersion "1"]
[SourceVersionDate "2017.10.13"]
[SourceQuality "1"]

1. e4 c5 2. Nf3 g6 3. d4 cxd4 4. Nxd4 Nc6 5. c4 Nf6 6. Nc3 d6 7. f3 Nxd4 8. Qxd4 Bg7 9. b3 0-0 10. Bb2 Ng4 11. Qd3 Ne5 12. Qd2 f5 13. Be2 Qa5 14. Qd5+ Qxd5 15. exd5 Bd7 16. 0-0 Rfc8 17. a4 Be8 18. Rfe1 Nd7 19. Bd3 Kf8 20. Re2 Nc5 21. Bc2 a5 22. Rae1 Rc7 23. f4 Rac8 24. h3 Na6 25. g4 fxg4 26. hxg4 Nb4 27. Bb1 Bd4+ 28. Kh2 Bxc3 29. Bxc3 Nxd5 30. Bxa5 b6 31. Bd2 Nf6 32. g5 Ng8 33. f5 gxf5 34. Bxf5 Bd7 35. Bxh7 e5 36. Bb4 Kg7 37. Be4 d5 38. Bxd5 1-0

[Event "Napoli Vomero Primavera op 4th"]
[Site "Napoli"]
[Date "2007.04.19"]
[Round "5"]
[White "De Rosa, Francesco"]
[Black "Auletta, Angelo"]
[Result "0-1"]
[WhiteElo "1949"]
[BlackElo "2256"]
[PlyCount "80"]
[EventDate "2007.03.22"]
[EventType "swiss"]
[EventRounds "7"]
[EventCountry "ITA"]
[SourceTitle "EXT 2010"]
[Source "ChessBase"]
[SourceDate "2010.11.25"]
[SourceVersion "1"]
[SourceVersionDate "2010.11.25"]
[SourceQuality "1"]

1. e4 a6 2. d4 b5 3. Nf3 Bb7 4. Bd3 Nf6 5. Qe2 e6 6. Bg5 Be7 7. Nbd2 h6 8. Bxf6 Bxf6 9. 0-0 Be7 10. c4 bxc4 11. Bxc4 d5 12. exd5 exd5 13. Bd3 0-0 14. Nb3 a5 15. Rac1 Nd7 16. Ne5 Bd6 17. f4 a4 18. Nxd7 Re8 19. Ne5 axb3 20. Qh5 Re7 21. axb3 Qe8 22. Qf5 g6 23. Qh3 Bxe5 24. fxe5 Kg7 25. Qf3 Qd7 26. Qf6+ Kg8 27. Rf3 Re6 28. Qh4 Kg7 29. Rcf1 h5 30. Qf6+ Rxf6 31. Rxf6 Re8 32. Bb5 c6 33. Be2 Re6 34. g4 Rxf6 35. Rxf6 hxg4 36. Bd3 Qe7 37. Kf2 Qb4 38. Ke3 c5 39. dxc5 Qxc5+ 40. Ke2 Qd4 0-1

[Event "Napoli Vomero Primavera op 4th"]
[Site "Napoli"]
[Date "2007.03.22"]
[Round "1"]
[White "Capozzoli, Silvio"]
[Black "Auletta, Angelo"]
[Result "0-1"]
[WhiteElo "1909"]
[BlackElo "2256"]
[PlyCount "56"]
[EventDate "2007.03.22"]
[EventType "swiss"]
[EventRounds "7"]
[EventCountry "ITA"]
[SourceTitle "EXT 2010"]
[Source "ChessBase"]
[SourceDate "2010.11.25"]
[SourceVersion "1"]
[SourceVersionDate "2010.11.25"]
[SourceQuality "1"]

1. e4 c5 2. c4 Nc6 3. Nc3 g6 4. d3 Bg7 5. Be2 e6 6. Bf4 d6 7. Rb1 Nge7 8. Nb5 e5 9. Be3 f5 10. f4 0-0 11. Qd2 Nd4 12. Nc3 Bh6 13. g3 Be6 14. Nd5 Nec6 15. Nf3 Nxe2 16. Qxe2 fxe4 17. dxe4 Nd4 18. Nxd4 cxd4 19. f5 dxe3 20. fxe6 Rf2 21. Qg4 Qa5+ 22. Nc3 Rxb2 23. Rc1 e2 24. e7 Bxc1 25. Qe6+ Kg7 26. e8N+ Rxe8 27. Qd7+ Kf8 28. Qxd6+ Re7 0-1

[Event "ITA-chT32nd sf-A"]
[Site "Castel Lagopesole"]
[Date "2000.05.13"]
[Round "1.4"]
[White "Auletta, Angelo"]
[Black "Ortega, Lexy"]
[Result "0-1"]
[WhiteElo "2246"]
[BlackElo "2479"]
[PlyCount "60"]
[EventDate "2000.05.13"]
[EventType "team"]
[EventRounds "2"]
[EventCountry "ITA"]
[SourceTitle "EXT 2002"]
[Source "ChessBase"]
[SourceDate "2001.11.25"]
[SourceVersion "1"]
[SourceVersionDate "2001.11.25"]
[SourceQuality "1"]
[WhiteTeam "Naples Averno"]
[BlackTeam "Marostica"]
[WhiteTeamCountry "ITA"]
[BlackTeamCountry "ITA"]

1. e4 c5 2. Nf3 e6 3. d4 cxd4 4. Nxd4 a6 5. Nc3 b5 6. Bd3 Qb6 7. Nb3 Qc7 8. 0-0 Bb7 9. f4 b4 10. Nb1 d6 11. c3 Nf6 12. Qe1 Nc6 13. Kh1 a5 14. Bd2 Be7 15. cxb4 axb4 16. Bxb4 Nxb4 17. Qxb4 d5 18. Qb5+ Bc6 19. Rc1 Bxb5 20. Bxb5+ Kd8 21. Rxc7 Kxc7 22. exd5 Nxd5 23. N1d2 Rhc8 24. Nc4 Bf6 25. g3 Nb6 26. Ne5 Bxe5 27. fxe5 Kd8 28. Rd1+ Ke7 29. Rd6 Nc4 30. Rd7+ Kf8 0-1

[Event "Ischia op"]
[Site "Ischia"]
[Date "1999.??.??"]
[Round "?"]
[White "Faybish, Nimrod"]
[Black "Auletta, Angelo"]
[Result "1/2-1/2"]
[WhiteElo "2230"]
[BlackElo "2246"]
[PlyCount "41"]
[EventDate "1999.??.??"]
[EventType "swiss"]
[EventRounds "9"]
[EventCountry "ITA"]
[SourceTitle "EXT 2001"]
[Source "ChessBase"]
[SourceDate "2000.11.22"]
[SourceVersion "1"]
[SourceVersionDate "2000.11.22"]
[SourceQuality "1"]

1. d4 Nf6 2. Nf3 e6 3. e3 c5 4. Bd3 Nc6 5. c3 Qc7 6. 0-0 Be7 7. Nbd2 d5 8. dxc5 Bxc5 9. e4 0-0 10. Qe2 Ng4 11. h3 Nge5 12. Nxe5 Nxe5 13. Bc2 Bd7 14. Nb3 dxe4 15. Nxc5 Qxc5 16. Bxe4 Bb5 17. Be3 Bxe2 18. Bxc5 Bxf1 19. Bxf8 Bxg2 20. Bxg7 Bxe4 21. Bxe5 1/2-1/2

[Event "Ischia op"]
[Site "Ischia"]
[Date "1998.??.??"]
[Round "?"]
[White "Auletta, Angelo"]
[Black "Tiviakov, Sergei"]
[Result "0-1"]
[WhiteElo "2240"]
[BlackElo "2640"]
[PlyCount "45"]
[EventDate "1998.??.??"]
[EventType "swiss"]
[EventRounds "7"]
[EventCountry "ITA"]
[SourceTitle "EXT 2000"]
[Source "ChessBase"]
[SourceDate "1999.11.16"]
[SourceVersion "1"]
[SourceVersionDate "1999.11.16"]
[SourceQuality "1"]

1. e4 c5 2. Nf3 Nc6 3. Bb5 d6 4. 0-0 Bd7 5. Re1 Nf6 6. c3 a6 7. Bxc6 Bxc6 8. d4 cxd4 9. cxd4 Bxe4 10. Nc3 Bxf3 11. Qxf3 e6 12. Qxb7 Qc8 13. Qf3 Be7 14. Qg3 0-0 15. Bh6 Ne8 16. Nd5 Bd8 17. Nf4 Qc2 18. Rac1 Qf5 19. h4 Qf6 20. Qg5 Qxd4 21. b3 d5 22. Nh5 Kh8 23. Nf4 0-1

[Event "Ischia op"]
[Site "Ischia"]
[Date "1998.??.??"]
[Round "?"]
[White "Auletta, Angelo"]
[Black "Weclawski, Doris"]
[Result "1-0"]
[WhiteElo "2240"]
[BlackElo "2050"]
[PlyCount "45"]
[EventDate "1998.??.??"]
[EventType "swiss"]
[EventRounds "7"]
[EventCountry "ITA"]
[SourceTitle "EXT 2000"]
[Source "ChessBase"]
[SourceDate "1999.11.16"]
[SourceVersion "1"]
[SourceVersionDate "1999.11.16"]
[SourceQuality "1"]

1. e4 e6 2. d3 d5 3. Nd2 Nf6 4. Ngf3 c5 5. g3 Nc6 6. Bg2 Be7 7. 0-0 0-0 8. Re1 Qc7 9. e5 Nd7 10. Qe2 Re8 11. Nf1 Nf8 12. c3 f6 13. exf6 gxf6 14. d4 cxd4 15. cxd4 Qb6 16. Qd1 Bd7 17. b3 Rac8 18. Bh6 Ba3 19. Ne3 Bb2 20. Ng4 Kf7 21. Nxf6 Kxf6 22. Qd2 Nxd4 23. Qg5+ 1-0